[Event "Ïåðâåíñòâî Ìîñêâû ïî øàõìàòàì 2015 ñðåäè ìàëü÷èêîâ (Ì19)"]
[Site "Moscow"]
[Date "2015.11.20"]
[Round "9.2"]
[White "Ìàòþíèí, Âëàäèñëàâ"]
[Black "Òàðàñîâ, Àëåêñàíäð"]
[Result "0-1"]
[WhiteElo "2062"]
[BlackElo "2286"]
[PlyCount "0"]
[EventDate "2015.11.12"]

1. d4 {[%clk 1:30:59]} Nf6 {[%clk 1:26:32]} 2. c4 {[%clk 1:31:24]} e6
{[%clk 1:26:57]} 3. Nc3 {[%clk 1:31:47]} Bb4 {[%clk 1:27:14]} 4. e3
{[%clk 1:31:52]} O-O {[%clk 1:27:33]} 5. Bd3 {[%clk 1:32:07]} d5 {[%clk 1:27:55]}
6. Nge2 {[%clk 1:30:35]} dxc4 {[%clk 1:27:26]} 7. Bxc4 {[%clk 1:31:00]} c5
{[%clk 1:25:44]} 8. a3 {[%clk 1:29:43]} Bxc3+ {[%clk 1:26:03]} 9. bxc3
{[%clk 1:29:33]} Qc7 {[%clk 1:26:28]} 10. Qc2 {[%clk 1:26:33]} b6
{[%clk 1:16:59]} 11. Bd2 {[%clk 1:19:16]} Bb7 {[%clk 1:08:47]} 12. f3
{[%clk 1:18:11]} Nc6 {[%clk 1:03:35]} 13. Bd3 {[%clk 1:01:22]} e5
{[%clk 0:47:28]} 14. Rc1 {[%clk 0:54:49]} Rfd8 {[%clk 0:42:56]} 15. O-O
{[%clk 0:53:19]} Qe7 {[%clk 0:42:02]} 16. Qb2 {[%clk 0:47:23]} e4
{[%clk 0:18:53]} 17. fxe4 {[%clk 0:43:46]} Nxe4 {[%clk 0:19:11]} 18. Rf4
{[%clk 0:41:21]} Na5 {[%clk 0:09:07]} 19. Rcf1 {[%clk 0:39:59]} Rf8
{[%clk 0:07:53]} 20. Bc1 {[%clk 0:29:37]} Rae8 {[%clk 0:06:25]} 21. c4
{[%clk 0:26:32]} Nd6 {[%clk 0:03:55]} 22. dxc5 {[%clk 0:12:33]} bxc5
{[%clk 0:04:24]} 23. Rg4 {[%clk 0:12:42]} f5 {[%clk 0:03:53]} 24. Rg3
{[%clk 0:11:21]} Be4 {[%clk 0:02:36]} 25. Qc3 Bxd3 {[%clk 0:02:39]} 26. Qxd3
{[%clk 0:06:55]} Naxc4 {[%clk 0:02:24]} 27. Qd5+ {[%clk 0:07:04]} Qe6
{[%clk 0:01:33]} 28. Qxc5 {[%clk 0:07:22]} Ne4 {[%clk 0:01:43]} 29. Qxa7
{[%clk 0:07:19]} Nxg3 {[%clk 0:02:05]} 30. Nxg3 {[%clk 0:07:34]} Nxe3
{[%clk 0:01:25]} 31. Bxe3 {[%clk 0:06:25]} Qxe3+ {[%clk 0:01:54]} 32. Qxe3
{[%clk 0:06:50]} Rxe3 {[%clk 0:02:16]} 33. Nxf5 {[%clk 0:07:18]} Re5
{[%clk 0:02:34]} 34. Nd4 {[%clk 0:06:51]} Rxf1+ {[%clk 0:02:42]} 35. Kxf1
{[%clk 0:07:17]} Re3 {[%clk 0:02:52]} 36. Kf2 {[%clk 0:06:35]} Rxa3
{[%clk 0:03:17]} 37. Nf3 {[%clk 0:06:55]} Kf7 {[%clk 0:03:28]} 38. Kg3
{[%clk 0:06:50]} Kf6 {[%clk 0:03:45]} 39. Kg4 {[%clk 0:06:37]} Rd3
{[%clk 0:03:49]} 40. h3 {[%clk 0:06:22]} Ra3 {[%clk 0:03:58]} 41. Kf4
{[%clk 0:06:10]} Ra4+ {[%clk 0:03:49]} 42. Kg3 {[%clk 0:06:28]} Kf5
{[%clk 0:04:13]} 43. Nh4+ {[%clk 0:06:46]} Ke4 {[%clk 0:04:15]} 44. Kg4
{[%clk 0:06:31]} Ra5 {[%clk 0:04:02]} 45. Nf3 {[%clk 0:06:37]} Ke3
{[%clk 0:04:18]} 46. Kg3 {[%clk 0:06:57]} Ke2 {[%clk 0:04:07]} 47. h4
{[%clk 0:06:19]} Kf1 {[%clk 0:04:10]} 48. Nh2+ {[%clk 0:06:28]} Kg1
{[%clk 0:03:40]} 49. Nf3+ {[%clk 0:06:53]} Kh1 {[%clk 0:03:43]} 50. Ng5
{[%clk 0:07:05]} h6 {[%clk 0:03:47]} 51. Ne6 {[%clk 0:05:33]} Ra2
{[%clk 0:02:46]} 0-1

[Event "Ïåðâåíñòâî Ìîñêâû ïî øàõìàòàì 2015 ñðåäè ìàëü÷èêîâ (Ì19)"]
[Site "Moscow"]
[Date "2015.11.20"]
[Round "9.3"]
[White "Àëåêñàíäðîâñêèé, Äìèòðèé"]
[Black "Êàòâàëÿí, Àâåòèê"]
[Result "1-0"]
[WhiteElo "2183"]
[BlackElo "1829"]
[PlyCount "0"]
[EventDate "2015.11.12"]

1. Nf3 {[%clk 1:30:57]} d5 {[%clk 1:30:43]} 2. g3 {[%clk 1:31:21]} Nf6
{[%clk 1:31:06]} 3. Bg2 {[%clk 1:31:43]} Bf5 {[%clk 1:30:53]} 4. O-O
{[%clk 1:31:42]} e6 {[%clk 1:31:13]} 5. d3 {[%clk 1:31:54]} Be7 {[%clk 1:30:50]}
6. Nfd2 {[%clk 1:31:25]} Bg6 {[%clk 1:29:12]} 7. e4 {[%clk 1:29:22]} dxe4 8. dxe4
{[%clk 1:29:00]} e5 {[%clk 1:27:51]} 9. Qe2 {[%clk 1:28:22]} Nc6 {[%clk 1:27:08]}
10. c3 {[%clk 1:27:10]} O-O {[%clk 1:26:49]} 11. Nc4 {[%clk 1:26:31]} b5
{[%clk 1:18:22]} 12. Ne3 {[%clk 1:24:11]} Bxe4 {[%clk 1:14:58]} 13. Bxe4
{[%clk 1:23:15]} Nxe4 {[%clk 1:15:25]} 14. Qxb5 {[%clk 1:22:30]} Qe8
{[%clk 1:13:40]} 15. Nf5 {[%clk 1:19:30]} Bg5 {[%clk 1:09:17]} 16. Bxg5
{[%clk 1:03:29]} Nxg5 {[%clk 1:08:59]} 17. f4 {[%clk 0:56:28]} exf4
{[%clk 1:06:00]} 18. h4 {[%clk 0:51:57]} a6 {[%clk 1:03:39]} 19. Qxc6
{[%clk 0:49:53]} Nh3+ {[%clk 1:02:05]} 20. Kh2 {[%clk 0:50:14]} Qe2+
{[%clk 0:58:34]} 21. Qg2 {[%clk 0:49:46]} fxg3+ {[%clk 0:58:40]} 22. Nxg3
{[%clk 0:49:24]} 1-0

[Event "Ïåðâåíñòâî Ìîñêâû ïî øàõìàòàì 2015 ñðåäè ìàëü÷èêîâ (Ì19)"]
[Site "Moscow"]
[Date "2015.11.20"]
[Round "9.4"]
[White "Êîâàëåâ, Åãîð"]
[Black "Ñåëèâåðñòîâ, Âëàäèñëàâ"]
[Result "1-0"]
[WhiteElo "2144"]
[BlackElo "1954"]
[PlyCount "0"]
[EventDate "2015.11.12"]

1. e4 {[%clk 1:30:57]} c6 {[%clk 1:30:54]} 2. Nc3 {[%clk 1:30:12]} d5
{[%clk 1:31:14]} 3. Nf3 {[%clk 1:30:28]} dxe4 {[%clk 1:31:33]} 4. Nxe4
{[%clk 1:30:47]} Nf6 {[%clk 1:31:56]} 5. Nxf6+ {[%clk 1:30:47]} gxf6
{[%clk 1:32:10]} 6. d4 {[%clk 1:31:07]} Qd6 {[%clk 1:30:35]} 7. c3
{[%clk 1:28:10]} Bg4 {[%clk 1:25:37]} 8. Be2 {[%clk 1:20:15]} Nd7
{[%clk 1:24:44]} 9. Qb3 {[%clk 1:19:29]} Nb6 {[%clk 1:22:20]} 10. Be3
{[%clk 1:09:49]} e6 {[%clk 1:20:30]} 11. a3 {[%clk 1:01:17]} Be7 {[%clk 1:11:35]}
12. c4 {[%clk 0:55:39]} h5 {[%clk 1:01:24]} 13. h3 {[%clk 0:51:57]} Bf5
{[%clk 0:59:04]} 14. d5 {[%clk 0:38:11]} c5 {[%clk 0:55:17]} 15. dxe6
{[%clk 0:34:05]} fxe6 {[%clk 0:53:55]} 16. Rd1 {[%clk 0:33:57]} Qc6
{[%clk 0:53:51]} 17. Rd2 {[%clk 0:28:43]} Kf7 {[%clk 0:52:45]} 18. Nh4
{[%clk 0:26:03]} Be4 {[%clk 0:50:46]} 19. Qd1 {[%clk 0:25:57]} Rh7
{[%clk 0:38:58]} 20. b3 {[%clk 0:23:27]} Rah8 {[%clk 0:38:58]} 21. f3
{[%clk 0:19:36]} Bg6 {[%clk 0:37:17]} 22. Rg1 {[%clk 0:19:25]} Rg7
{[%clk 0:27:57]} 23. Nxg6 {[%clk 0:18:56]} Rxg6 {[%clk 0:27:45]} 24. Kf1
{[%clk 0:12:28]} f5 {[%clk 0:15:04]} 25. f4 {[%clk 0:12:07]} Qe4 {[%clk 0:14:29]}
26. Rd3 {[%clk 0:12:16]} Rd8 {[%clk 0:12:44]} 27. Rxd8 {[%clk 0:12:30]} Qxe3
{[%clk 0:09:43]} 28. Rd3 {[%clk 0:11:22]} Qxf4+ {[%clk 0:09:49]} 29. Rf3
{[%clk 0:11:18]} Qe5 {[%clk 0:08:43]} 30. g4 {[%clk 0:06:47]} Qh2
{[%clk 0:06:37]} 31. Qe1 {[%clk 0:06:17]} hxg4 {[%clk 0:06:14]} 32. hxg4
{[%clk 0:06:46]} Bh4 {[%clk 0:06:20]} 33. Qc3 {[%clk 0:07:03]} Kg8
{[%clk 0:03:37]} 34. Qe3 {[%clk 0:04:55]} Bg5 {[%clk 0:01:44]} 35. Qxc5
{[%clk 0:04:38]} f4 {[%clk 0:00:53]} 36. Qd4 {[%clk 0:03:22]} Rh6
{[%clk 0:00:55]} 37. Qe4 {[%clk 0:01:12]} Nd7 {[%clk 0:00:51]} 38. Qxb7
{[%clk 0:01:34]} Nf6 {[%clk 0:00:53]} 39. Rd3 {[%clk 0:01:48]} Ne8
{[%clk 0:00:36]} 40. Qb5 {[%clk 0:01:07]} 1-0

[Event "Ïåðâåíñòâî Ìîñêâû ïî øàõìàòàì 2015 ñðåäè ìàëü÷èêîâ (Ì19)"]
[Site "Moscow"]
[Date "2015.11.20"]
[Round "9.5"]
[White "Ñàâåíêîâ, Êîíñòàíòèí"]
[Black "Ñàëüìàí, Ïàâåë"]
[Result "1-0"]
[WhiteElo "2324"]
[BlackElo "2196"]
[PlyCount "0"]
[EventDate "2015.11.12"]

1. e4 {[%clk 1:27:47]} c5 {[%clk 1:30:50]} 2. Nf3 {[%clk 1:28:12]} e6
{[%clk 1:31:14]} 3. d3 {[%clk 1:28:39]} Nc6 {[%clk 1:31:39]} 4. g3
{[%clk 1:29:05]} g6 {[%clk 1:32:05]} 5. Bg2 {[%clk 1:29:32]} Bg7 {[%clk 1:32:33]}
6. O-O {[%clk 1:29:57]} Nge7 {[%clk 1:32:37]} 7. Re1 {[%clk 1:29:49]} d6
{[%clk 1:32:55]} 8. c3 {[%clk 1:29:46]} e5 {[%clk 1:33:09]} 9. a3
{[%clk 1:29:50]} O-O {[%clk 1:30:13]} 10. b4 {[%clk 1:28:05]} Be6
{[%clk 1:24:27]} 11. Be3 {[%clk 1:20:02]} b6 {[%clk 1:23:29]} 12. Qd2
{[%clk 1:17:16]} Rc8 {[%clk 1:20:09]} 13. h3 {[%clk 1:11:09]} cxb4
{[%clk 1:13:14]} 14. axb4 {[%clk 1:11:06]} d5 {[%clk 1:13:25]} 15. exd5
{[%clk 1:06:53]} Nxd5 {[%clk 1:09:15]} 16. Bh6 {[%clk 1:06:45]} Nf4
{[%clk 0:48:51]} 17. Bg5 {[%clk 1:04:12]} Nxg2 {[%clk 0:48:57]} 18. Bxd8
{[%clk 1:04:28]} Nxe1 {[%clk 0:49:22]} 19. Nxe1 {[%clk 1:02:24]} Rfxd8
{[%clk 0:49:42]} 20. Qe2 {[%clk 0:51:20]} a5 {[%clk 0:37:56]} 21. bxa5
{[%clk 0:50:29]} Nxa5 {[%clk 0:36:37]} 22. Ra4 {[%clk 0:48:32]} Nb3
{[%clk 0:31:45]} 23. Qe3 {[%clk 0:40:42]} Nc5 {[%clk 0:27:05]} 24. Rb4
{[%clk 0:40:43]} Bf5 {[%clk 0:26:04]} 25. Rxb6 {[%clk 0:35:33]} Nxd3
{[%clk 0:21:46]} 26. g4 {[%clk 0:32:53]} Nxe1 {[%clk 0:21:51]} 27. Qxe1
{[%clk 0:20:57]} Bc2 {[%clk 0:21:45]} 28. Nd2 {[%clk 0:21:23]} Rxc3
{[%clk 0:16:51]} 29. Nf1 {[%clk 0:21:42]} Rxh3 {[%clk 0:13:25]} 30. Rb2
{[%clk 0:16:54]} Ba4 {[%clk 0:09:06]} 31. Qa5 {[%clk 0:16:34]} Rd4
{[%clk 0:06:29]} 32. Rb8+ {[%clk 0:16:43]} Bf8 {[%clk 0:06:58]} 33. Qc5
{[%clk 0:16:20]} Rxg4+ {[%clk 0:05:36]} 34. Ng3 {[%clk 0:16:46]} Kg7
{[%clk 0:06:01]} 35. Qxf8+ {[%clk 0:17:11]} Kf6 {[%clk 0:06:30]} 36. Rb6+
{[%clk 0:15:33]} Kg5 {[%clk 0:06:53]} 37. Qxf7 {[%clk 0:15:35]} Bc2
{[%clk 0:04:41]} 38. Qe7+ {[%clk 0:14:28]} Kh6 {[%clk 0:04:54]} 39. Qf8+
{[%clk 0:14:27]} Kg5 {[%clk 0:05:23]} 40. Rb5 {[%clk 0:14:29]} h5
{[%clk 0:03:19]} 41. Rxe5+ {[%clk 0:14:37]} Kh4 {[%clk 0:03:36]} 42. Qc5
{[%clk 0:12:36]} Bf5 {[%clk 0:03:11]} 43. Qe7+ {[%clk 0:12:57]} Rg5
{[%clk 0:03:07]} 44. Kg2 {[%clk 0:12:54]} 1-0

[Event "Ïåðâåíñòâî Ìîñêâû ïî øàõìàòàì 2015 ñðåäè ìàëü÷èêîâ (Ì19)"]
[Site "Moscow"]
[Date "2015.11.20"]
[Round "9.6"]
[White "Ïàÿíèäè, ßíèñ"]
[Black "Âèõàðåâ, Àëåêñåé"]
[Result "0-1"]
[WhiteElo "2178"]
[BlackElo "2055"]
[PlyCount "0"]
[EventDate "2015.11.12"]

1. e4 {[%clk 1:30:58]} e5 {[%clk 1:28:13]} 2. Nf3 {[%clk 1:31:23]} Nc6
{[%clk 1:28:22]} 3. Bb5 {[%clk 1:31:49]} d6 {[%clk 1:28:05]} 4. d4
{[%clk 1:29:26]} Bd7 {[%clk 1:28:29]} 5. O-O exd4 {[%clk 1:28:05]} 6. Nxd4
{[%clk 1:29:36]} g6 {[%clk 1:27:45]} 7. Re1 {[%clk 1:28:14]} Bg7 {[%clk 1:27:39]}
8. Bxc6 {[%clk 1:28:35]} bxc6 {[%clk 1:28:02]} 9. Nf3 {[%clk 1:27:53]} Ne7
{[%clk 1:22:27]} 10. c3 {[%clk 1:26:57]} O-O {[%clk 1:22:00]} 11. Bf4
{[%clk 1:27:06]} Rb8 {[%clk 1:14:45]} 12. Qc1 {[%clk 1:27:35]} c5
{[%clk 1:14:52]} 13. Nbd2 {[%clk 1:25:54]} Bc6 {[%clk 1:13:53]} 14. e5
{[%clk 1:22:44]} Nd5 {[%clk 1:10:20]} 15. Bg5 {[%clk 1:18:19]} Qd7
{[%clk 1:06:58]} 16. Ne4 {[%clk 0:53:35]} f6 {[%clk 1:05:55]} 17. c4
{[%clk 0:43:07]} fxg5 {[%clk 1:03:42]} 18. cxd5 {[%clk 0:43:32]} Bxd5
{[%clk 1:03:36]} 19. Qxg5 {[%clk 0:43:39]} Qf5 {[%clk 1:00:52]} 20. Qxf5
{[%clk 0:27:04]} gxf5 {[%clk 1:00:14]} 21. Nf6+ {[%clk 0:27:16]} Bxf6
{[%clk 1:00:00]} 22. exf6 {[%clk 0:27:45]} Bxf3 {[%clk 0:59:48]} 23. gxf3
{[%clk 0:28:14]} Rxf6 {[%clk 1:00:04]} 24. b3 {[%clk 0:28:29]} Kf7
{[%clk 1:00:27]} 25. Re3 {[%clk 0:28:27]} Re8 {[%clk 1:00:52]} 26. Rc3
{[%clk 0:28:46]} Rg6+ {[%clk 0:59:30]} 27. Kf1 {[%clk 0:27:28]} Rh6
{[%clk 0:59:37]} 28. Kg2 {[%clk 0:27:52]} Rh4 {[%clk 0:59:17]} 29. Kg3
{[%clk 0:25:44]} Rd4 {[%clk 0:59:33]} 30. h4 {[%clk 0:25:14]} Kf6
{[%clk 0:58:27]} 31. a3 {[%clk 0:25:32]} Rg8+ {[%clk 0:57:27]} 32. Kh3
{[%clk 0:25:14]} Rd2 {[%clk 0:57:36]} 33. b4 {[%clk 0:23:08]} Rxf2
{[%clk 0:57:50]} 34. f4 {[%clk 0:23:36]} Rg4 {[%clk 0:57:05]} 35. bxc5
{[%clk 0:23:43]} Rfxf4 {[%clk 0:57:29]} 36. cxd6 {[%clk 0:22:25]} Rxh4+
{[%clk 0:57:53]} 37. Kg2 {[%clk 0:22:54]} Rfg4+ {[%clk 0:58:02]} 38. Rg3
{[%clk 0:23:21]} Rxg3+ {[%clk 0:58:19]} 39. Kxg3 {[%clk 0:23:50]} Rg4+
{[%clk 0:58:49]} 40. Kf3 {[%clk 0:24:13]} cxd6 {[%clk 0:59:14]} 41. Rh1
{[%clk 0:24:07]} Ra4 {[%clk 0:59:44]} 0-1

[Event "Ïåðâåíñòâî Ìîñêâû ïî øàõìàòàì 2015 ñðåäè ìàëü÷èêîâ (Ì19)"]
[Site "Moscow"]
[Date "2015.11.20"]
[Round "9.7"]
[White "Ìèõàéëîâñêèé, Âëàäèìèð"]
[Black "Áàãäàñàðîâ, Ýäóàðä"]
[Result "1-0"]
[WhiteElo "2126"]
[BlackElo "2003"]
[PlyCount "0"]
[EventDate "2015.11.12"]

1. Nf3 {[%clk 1:20:50]} d5 {[%clk 1:30:51]} 2. g3 {[%clk 1:20:56]} e6
{[%clk 1:31:12]} 3. Bg2 {[%clk 1:20:57]} f5 {[%clk 1:31:33]} 4. d3
{[%clk 1:21:16]} c6 {[%clk 1:31:43]} 5. O-O {[%clk 1:19:54]} Nf6 {[%clk 1:31:47]}
6. c4 {[%clk 1:19:54]} Bd6 {[%clk 1:32:05]} 7. Nc3 {[%clk 1:20:04]} O-O
{[%clk 1:31:53]} 8. e4 {[%clk 1:17:35]} fxe4 {[%clk 1:28:04]} 9. dxe4
{[%clk 1:17:35]} Bc5 {[%clk 1:27:48]} 10. e5 {[%clk 1:10:41]} Ng4
{[%clk 1:26:21]} 11. Bf4 {[%clk 0:58:25]} Nh6 {[%clk 1:20:58]} 12. Qc2
{[%clk 0:51:56]} Nf5 {[%clk 1:18:26]} 13. Rad1 {[%clk 0:45:38]} Be7
{[%clk 1:10:06]} 14. Qc1 {[%clk 0:38:53]} h6 {[%clk 1:06:28]} 15. g4
{[%clk 0:34:46]} Nh4 {[%clk 1:05:39]} 16. Nxh4 {[%clk 0:35:13]} Bxh4
{[%clk 1:05:38]} 17. cxd5 {[%clk 0:29:02]} cxd5 {[%clk 1:03:13]} 18. Nxd5
{[%clk 0:29:13]} exd5 {[%clk 1:02:36]} 19. Bxd5+ {[%clk 0:29:40]} Kh8
{[%clk 1:02:54]} 20. Bxb7 {[%clk 0:29:38]} Qxd1 {[%clk 1:00:53]} 21. Rxd1
{[%clk 0:24:49]} Bxb7 {[%clk 1:01:12]} 22. Bg3 {[%clk 0:24:05]} Bxg3
{[%clk 0:59:38]} 23. hxg3 {[%clk 0:24:32]} Bf3 {[%clk 0:59:58]} 24. Rd6
{[%clk 0:24:11]} Nc6 {[%clk 0:58:31]} 25. Rxc6 {[%clk 0:23:53]} Bxc6
{[%clk 0:58:56]} 26. Qxc6 {[%clk 0:24:21]} Rac8 {[%clk 0:58:41]} 27. Qe4
{[%clk 0:24:00]} Rfe8 {[%clk 0:56:14]} 28. Kg2 {[%clk 0:23:14]} Rb8
{[%clk 0:55:03]} 29. b3 {[%clk 0:23:20]} Rb5 {[%clk 0:55:20]} 30. f4
{[%clk 0:23:40]} Rc5 {[%clk 0:55:31]} 31. e6 {[%clk 0:23:43]} Ra5
{[%clk 0:55:07]} 32. a4 {[%clk 0:21:06]} Ra6 {[%clk 0:55:26]} 33. f5
{[%clk 0:21:24]} Rd6 {[%clk 0:54:41]} 34. Qf4 {[%clk 0:21:05]} Rd3
{[%clk 0:54:21]} 35. g5 {[%clk 0:21:01]} hxg5 {[%clk 0:53:34]} 36. Qxg5
{[%clk 0:21:28]} Rdd8 {[%clk 0:52:12]} 37. Qh5+ {[%clk 0:21:03]} Kg8 38. Qf7+
{[%clk 0:21:27]} Kh8 {[%clk 0:53:02]} 39. g4 {[%clk 0:21:05]} Rd2+
{[%clk 0:52:58]} 40. Kg3 {[%clk 0:21:28]} Rd3+ {[%clk 0:52:47]} 41. Kh4
{[%clk 0:21:56]} Rdd8 {[%clk 0:53:09]} 42. Kg5 {[%clk 0:22:18]} Rb8
{[%clk 0:53:08]} 43. Kg6 {[%clk 0:22:39]} Rg8 {[%clk 0:53:33]} 44. Qc7
{[%clk 0:23:07]} 1-0

[Event "Ïåðâåíñòâî Ìîñêâû ïî øàõìàòàì 2015 ñðåäè ìàëü÷èêîâ (Ì19)"]
[Site "Moscow"]
[Date "2015.11.20"]
[Round "9.8"]
[White "Êðàñèêîâ, Âëàäèñëàâ"]
[Black "Ãðèãîðüÿíö, Îëåã"]
[Result "1-0"]
[WhiteElo "2113"]
[BlackElo "1741"]
[PlyCount "0"]
[EventDate "2015.11.12"]

1. Nf3 {[%clk 1:25:47]} e6 {[%clk 1:30:50]} 2. g3 {[%clk 1:25:52]} d5
{[%clk 1:31:16]} 3. Bg2 {[%clk 1:26:16]} Nf6 {[%clk 1:31:32]} 4. O-O
{[%clk 1:26:39]} Be7 {[%clk 1:31:50]} 5. d4 {[%clk 1:26:39]} O-O {[%clk 1:32:13]}
6. c4 {[%clk 1:27:06]} b6 {[%clk 1:32:15]} 7. cxd5 {[%clk 1:25:47]} exd5
{[%clk 1:32:41]} 8. Nc3 {[%clk 1:26:10]} Bb7 {[%clk 1:33:06]} 9. Bf4
{[%clk 1:14:45]} a6 {[%clk 1:33:17]} 10. Rc1 {[%clk 1:14:17]} c6 {[%clk 1:25:31]}
11. Ne5 {[%clk 1:12:48]} Nbd7 {[%clk 1:24:26]} 12. e4 {[%clk 1:10:38]} Nxe5
{[%clk 1:15:44]} 13. dxe5 {[%clk 1:11:06]} Nxe4 {[%clk 1:15:59]} 14. Nxe4
{[%clk 1:11:34]} dxe4 {[%clk 1:16:21]} 15. Bxe4 {[%clk 1:11:54]} Qxd1
{[%clk 1:15:01]} 16. Rfxd1 {[%clk 1:12:22]} Rad8 {[%clk 1:10:51]} 17. Rxd8
{[%clk 1:12:40]} Rxd8 {[%clk 1:11:16]} 18. Bxc6 {[%clk 1:13:04]} Bxc6
{[%clk 1:11:39]} 19. Rxc6 {[%clk 1:13:32]} Bc5 {[%clk 1:11:37]} 20. Kg2
{[%clk 1:13:21]} h6 {[%clk 1:11:54]} 21. Kf3 {[%clk 1:13:23]} Rd1
{[%clk 1:10:24]} 22. Be3 {[%clk 1:12:43]} Rb1 {[%clk 1:10:42]} 23. Bxc5
{[%clk 1:12:28]} bxc5 {[%clk 1:11:06]} 24. Rxc5 {[%clk 1:12:53]} Rxb2
{[%clk 1:11:32]} 25. Ra5 {[%clk 1:13:18]} Rb6 {[%clk 1:11:58]} 26. Ke4
{[%clk 1:13:24]} Kf8 {[%clk 1:12:08]} 27. f4 {[%clk 1:12:42]} f6 {[%clk 1:11:42]}
28. Kd5 {[%clk 1:12:19]} fxe5 {[%clk 1:11:23]} 29. fxe5 {[%clk 1:12:47]} Ke7
{[%clk 1:10:24]} 30. Rc5 {[%clk 1:12:56]} Kd7 {[%clk 1:10:49]} 31. e6+
{[%clk 1:12:15]} Kd8 {[%clk 1:10:36]} 32. h4 {[%clk 1:11:18]} Rb2
{[%clk 1:09:29]} 33. a4 {[%clk 1:10:42]} Rd2+ {[%clk 1:02:18]} 34. Ke5
{[%clk 1:10:22]} Re2+ {[%clk 1:00:32]} 35. Kf5 {[%clk 1:10:43]} Rg2
{[%clk 0:54:21]} 36. g4 {[%clk 1:09:25]} Rf2+ {[%clk 0:45:47]} 37. Kg6
{[%clk 1:08:52]} Rf4 {[%clk 0:45:44]} 38. Rf5 {[%clk 1:05:29]} Re4
{[%clk 0:46:13]} 39. Kf7 {[%clk 1:05:41]} Kc7 {[%clk 0:41:14]} 40. e7
{[%clk 1:05:49]} Kd7 {[%clk 0:41:33]} 41. Rd5+ {[%clk 1:06:14]} Kc6
{[%clk 0:42:02]} 42. Rd8 {[%clk 1:06:34]} Rf4+ {[%clk 0:42:30]} 43. Kg8
{[%clk 1:06:56]} 1-0

[Event "Ïåðâåíñòâî Ìîñêâû ïî øàõìàòàì 2015 ñðåäè ìàëü÷èêîâ (Ì19)"]
[Site "Moscow"]
[Date "2015.11.20"]
[Round "9.9"]
[White "Õðèïà÷, Ãåîðãèé"]
[Black "Ìàòþíèí, Ìàêñèì"]
[Result "0-1"]
[WhiteElo "1715"]
[BlackElo "2136"]
[PlyCount "0"]
[EventDate "2015.11.12"]

1. b3 {[%clk 1:30:55]} e6 {[%clk 1:30:56]} 2. Bb2 {[%clk 1:31:22]} Nf6
{[%clk 1:31:23]} 3. e3 {[%clk 1:31:38]} Be7 {[%clk 1:31:48]} 4. f4
{[%clk 1:31:35]} O-O {[%clk 1:32:12]} 5. Nf3 {[%clk 1:31:53]} b6 {[%clk 1:32:38]}
6. Be2 {[%clk 1:31:07]} Bb7 {[%clk 1:33:02]} 7. O-O {[%clk 1:30:50]} c5
{[%clk 1:33:19]} 8. c4 {[%clk 1:31:04]} Nc6 {[%clk 1:33:37]} 9. Nc3
{[%clk 1:30:52]} Rc8 {[%clk 1:32:30]} 10. Rc1 {[%clk 1:30:28]} Qc7
{[%clk 1:32:35]} 11. d4 {[%clk 1:16:04]} d5 {[%clk 1:28:07]} 12. Ne5
{[%clk 1:12:56]} cxd4 {[%clk 1:27:45]} 13. Nxc6 {[%clk 1:03:43]} Bxc6
{[%clk 1:25:35]} 14. exd4 {[%clk 1:02:46]} dxc4 {[%clk 1:24:49]} 15. bxc4
{[%clk 1:01:32]} Rfd8 {[%clk 1:23:42]} 16. Nb5 {[%clk 0:48:19]} Qd7
{[%clk 1:21:23]} 17. Qb3 {[%clk 0:46:59]} Ne4 {[%clk 1:14:20]} 18. Rfd1
{[%clk 0:43:26]} a6 {[%clk 1:14:13]} 19. Nc3 {[%clk 0:42:28]} Nd6
{[%clk 1:06:11]} 20. d5 {[%clk 0:25:19]} Ba8 {[%clk 1:02:59]} 21. Na4
{[%clk 0:22:14]} Ne4 {[%clk 0:59:33]} 22. Nxb6 Qa7 {[%clk 0:45:28]} 23. Bd4
{[%clk 0:12:30]} Bc5 {[%clk 0:43:20]} 24. Nxc8 {[%clk 0:09:40]} Bxd4+
{[%clk 0:43:39]} 25. Kf1 {[%clk 0:10:07]} Rxc8 {[%clk 0:43:59]} 26. Qd3
{[%clk 0:09:39]} Bb2 {[%clk 0:43:19]} 27. Qxe4 {[%clk 0:09:53]} Bxc1
{[%clk 0:43:43]} 28. Rxc1 {[%clk 0:10:11]} exd5 {[%clk 0:44:08]} 29. Qd3
{[%clk 0:08:25]} g6 {[%clk 0:39:41]} 30. Bg4 {[%clk 0:07:35]} Rc7
{[%clk 0:36:48]} 31. Bf3 {[%clk 0:05:37]} Qc5 {[%clk 0:36:10]} 32. Be2
{[%clk 0:03:11]} Rc8 {[%clk 0:33:47]} 33. Rc2 {[%clk 0:01:27]} Qb6
{[%clk 0:29:21]} 34. Rc1 {[%clk 0:01:09]} Qb2 {[%clk 0:28:21]} 35. Qc2
{[%clk 0:01:31]} Qd4 {[%clk 0:28:39]} 36. g3 {[%clk 0:01:31]} dxc4
{[%clk 0:28:42]} 37. Rd1 {[%clk 0:01:05]} Qe3 {[%clk 0:26:17]} 38. Bxc4
{[%clk 0:00:43]} Qf3+ {[%clk 0:26:39]} 39. Ke1 {[%clk 0:01:04]} Re8+
{[%clk 0:27:03]} 40. Kd2 {[%clk 0:01:21]} Qe3# {[%clk 0:27:28]} 0-1

[Event "Ïåðâåíñòâî Ìîñêâû ïî øàõìàòàì 2015 ñðåäè ìàëü÷èêîâ (Ì19)"]
[Site "Moscow"]
[Date "2015.11.20"]
[Round "9.10"]
[White "Ãàðàíèí, Äàíèèë"]
[Black "Ïîñèöåëüñêèé, Äìèòðèé"]
[Result "0-1"]
[WhiteElo "1659"]
[BlackElo "1747"]
[PlyCount "0"]
[EventDate "2015.11.12"]

1. c4 e6 2. Nf3 d5 3. b3 Nf6 4. Bb2 Be7 5. g3 O-O 6. Bg2 c5 7. e3 Nc6 8. d4 b6 9.
O-O Bb7 10. Nc3 Rc8 11. Ne5 cxd4 12. exd4 dxc4 13. bxc4 Qc7 14. Nb5 Qb8 15. Nxc6
Bxc6 16. Bxc6 Rxc6 17. Qa4 a5 18. Rac1 Rfc8 19. Rfd1 Qa8 20. f3 Rd8 21. Kf2 Ne8
22. Qc2 Bf6 23. Qe4 Nd6 24. Nxd6 Rdxd6 25. h4 Qd8 26. Ke3 Rc8 27. f4 Rdc6 28. d5
exd5 29. Bxf6 gxf6 30. Rxd5 Qf8 31. Kf3 Qa3+ 32. Qe3 Qxa2 33. Rd2 Qa4 34. Rdc2
Rc5 35. Qd4 Qc6+ 36. Kf2 a4 37. f5 Rxf5+ 38. Kg1 Qc5 39. Qxc5 Rfxc5 40. Kf2 b5
41. Ke3 Rxc4 42. Rxc4 Rxc4 43. Rxc4 bxc4 44. Kd2 Kg7 45. Kc3 Kg6 46. g4 h6 0-1